Loading...
Anekarthasamgraha Ed.2
| Main Author: | |
|---|---|
| Format: | Printed Book |
| Language: | Malayalam |
| Published: |
Chaukambha Orientalia Varanasi
Chaukambha Orientalia Varanasi
1969
|
| LEADER | 00482nam a2200121Ia 4500 | ||
|---|---|---|---|
| 008 | 111205s9999 xx 000 0 mal d | ||
| 100 | |a Hemachandracarya | ||
| 245 | |a Anekarthasamgraha Ed.2 |c Hemachandracarya | ||
| 260 | |b Chaukambha Orientalia Varanasi |a Chaukambha Orientalia Varanasi |c 1969 | ||
| 300 | |a 290 | ||
| 942 | |c BK | ||
| 999 | |c 204939 |d 204939 | ||
| 952 | |0 0 |1 0 |2 ddc |4 0 |6 SHELF_57_000000000000000 |7 0 |9 226678 |a MAL |b MAL |c ST1 |d 1980-03-26 |g 15.00 |l 0 |o Shelf 57 |p MAL16835 |r 2015-04-13 |v 15.00 |w 2015-04-13 |y BK | ||